Normal view
MARC view
- México
Entry Nombre Geográfico
001 - NÚMERO DE CONTROL
- campo de control: 24647
003 - IDENTIFICADOR DE NUMERO DE CONTROL
- campo de control: UPN
005 - FECHA Y HORA DE LA ÜLTIMA TRANSACCIÓN
- campo de control: 20221129135919.0
008 - DATOS DE LONGITUD FIJA
- campo de control de longitud fija: 221129na fcznnbabn n |na |d
035 ## - NÚMERO DE CONTROL
- Número de control: UPN10000024656
040 ## - FUENTE DE CATALOGACIÓN
- Lenguaje de catalogación: spa
- Agencia de transcripción: MX-MxUPN
- Agencia de catalogación original: MX-MxUPN
151 ## - ENCABEZAMIENTO - NOMBRE GEOGRÁFICO
- Nombre geográfico: México
- Subdivisión de forma: Mapas
670 ## - FUENTE EN LA QUE SE LOCALIZARON DATOS
- Cita de la fuente: E
902 ## - CATALOGADOR
- Catalogador: MCM/060516
